000 00676nam a2200217Ia 4500
003 GCL
008 140319s9999 xx 000 0 ara d
040 _aGCL /
_cGCL
082 0 4 _a811.009
_bن ا
100 1 _aنسيم مجلى
245 1 0 _aامير شعراء الرفض امل دنقل /
_cنسيم مجلى
260 _a[S.N] :
_bالهيئة المصرية العامة للكتاب ،
_c1994
300 _a275 ص
490 _aمكتبة ثقافية 502
_v0
650 0 4 _aالشعر العربى
650 0 4 _aالادب العربى
650 0 4 _aدواوين وقصائد
650 0 4 _aتاريخ ونقد
650 0 4 _aامل دنقل
942 _2ddc
_cBK
999 _c36716
_d36716